000 00615nam a22002057a 4500
005 20250308141642.0
008 250308b |||||||| |||| 00| 0 eng d
020 _a8185386633
050 _aHF5821 SAN
100 _aSandage C. H.
245 _aAdvertising Theory and Practice
_cC. H. Sandage, Vernon Fryburger and Kim Rotzoll
250 _a11th Ed.
260 _aNew Delhi
_bA.I.T.B.S Publishers & Distributors (Regd.)
_c2004
300 _axv. 509p.
_bill.
_c22 cm
500 _aIncludes Index
650 _2Advertising
700 _aFryburger Vernon
700 _aRotzoll Kim
942 _2lcc
_cBK
_e11th Ed.
_n0
999 _c4595
_d4595